| 000 | 00853nam a22002177a 4500 | ||
|---|---|---|---|
| 999 |
_c8082 _d8082 |
||
| 003 | AR-CdUCM | ||
| 008 | 190322b ||||| |||| 00| 0 spa d | ||
| 040 |
_aMUNICIPALIDAD PROVINCIAL DEL CUSCO _cBIBLIOTECA MUNICIPAL DEL CUSCO |
||
| 082 |
_a591.5 / _bE61 |
||
| 100 |
_aEngel, Fritz Martín _922829 |
||
| 245 |
_aLa vida animal en el suelo : _bUn mundo oculto bajo nuestros pies / |
||
| 260 |
_aEspaña : _bZeus, _c1964. |
||
| 300 |
_a326 paginas ; _c21 cm. |
||
| 505 | _aContenido :Origen y transformación en tiempo y espacio -- Vida y calor -- El agua, elemento fundamental de la vida -- Vida y luz en la oscuridad -- Alimentos y alimentación ... | ||
| 650 |
_aVida animal _922830 |
||
| 650 |
_aEl suelo _922831 |
||
| 650 |
_aCiencias naturales _910176 |
||
| 700 |
_aOrtega Masia, Enrique (traductor) _922832 |
||
| 942 |
_2ddc _cLIBROS |
||
| 945 | _arum | ||